[Event "Leiden SB-chB"]
[Site "Leiden"]
[Date "2004.05.19"]
[Round "1"]
[White "Van der Hoeven, Peter"]
[Black "De Vreede, Henk"]
[Result "1-0"]
[WhiteElo "1722"]
[BlackElo "1485"]
[PlyCount "71"]
[EventDate "2004.05.19"]
[EventType "swiss"]
[EventRounds "7"]
[EventCountry "NED"]
[SourceTitle "EXT 2012"]
[Source "ChessBase"]
[SourceDate "2011.11.24"]
[SourceVersion "1"]
[SourceVersionDate "2011.11.24"]
[SourceQuality "1"]

1. d4 d5 2. c4 dxc4 3. Nc3 e6 4. Nf3 Bb4 5. Bg5 Bxc3+ 6. bxc3 f6 7. Bh4 Ne7 8. e4 b5 9. a4 c6 10. Be2 Nd7 11. 0-0 Ng6 12. Bg3 0-0 13. Nh4 Nxh4 14. Bxh4 e5 15. Qc2 Bb7 16. f4 exf4 17. Bg4 g5 18. Bf2 Rf7 19. Be6 Qe7 20. Bxf7+ Qxf7 21. axb5 cxb5 22. d5 a6 23. Bd4 Re8 24. Rae1 Qg6 25. Qb1 Re7 26. Rf2 Ne5 27. Bxe5 fxe5 28. Qb4 Rd7 29. Qc5 h5 30. g3 Rf7 31. gxf4 exf4 32. Qd4 Qf6 33. Qxf6 Rxf6 34. e5 Rg6 35. d6 Re6 36. d7 1-0